| 000 | 00508nam a2200157Ia 4500 | ||
|---|---|---|---|
| 008 | 121008t2010 xxu||||| |||| 00| 0 sin d | ||
| 041 | _asin | ||
| 080 |
_a8 S 3 (Youth) _bJAY |
||
| 245 | _aරජ වාසල කවටයා වූ අන්දරේගේ ජීවිත කතාව | ||
| 246 | _aRaja Wasala Kawataya Wu Andarege Jeewitha Kathawa | ||
| 260 |
_aRathna Book Publishers _aColombo _c2010 |
||
| 300 | _b78p, 21 cm | ||
| 942 | _cBK | ||
| 999 |
_c43682 _d43682 |
||
| 003 | LK-CoDNM | ||
| 040 |
_aLK-CoDNM _dLK-CoDNM _eLK-CoDNM |
||